Bella Poarch all songs discography (jan 25) - Statistics

General Stats
  • This quiz has been taken 9 times
  • The average score is 8 of 10
Answer Stats
Answer % Correct
Build a Bitch
100%
Crush
100%
Dolls
100%
Don't Like Anybody
83%
INFERNO
83%
Living Hell
83%
No Man's Land
83%
Sweet Delusion
83%
Villain
67%
Bad Boy!
50%
No matching quizzes found
Score Distribution
Percent of People with Each Score
Percentile by Number Answered
Your Score History
You have not taken this quiz